Statistics for Portugal Cities Map Quiz

Click here to take the quiz!

General Stats

  • This quiz has been taken 284 times
  • The average score is 7 of 10

Answers on the Map

Answers color-coded by a green-red scale on the quiz's map according to % correct below.
 

Answer Stats

Answer% Correct
Lisbon
94%
Porto
83%
Faro
79%
Funchal
74%
Coimbra
64%
Braga
59%
Vila Franca de Xira
55%
Ponta Delgada
54%
Aveiro
47%
Guimarães
46%

Score Distribution

Percentile by Number Answered

Percent of People with Each Score

Your Score History

You have not taken this quiz